Short Story Masterpieces

Salvato in:
Dettagli Bibliografici
Autore principale: Warren, Robert Penn
Natura: Libro
Lingua:Undetermined
Pubblicazione: New York, Estados Unidos Dell Books 1954
Soggetti:
Tags: Aggiungi Tag
Nessun Tag, puoi essere il primo ad aggiungerne!!

MARC

LEADER 00000nam a2200000Ia 4500
008 170316s9999 xx 000 0 und d
040 |a cru BVZT 
090 |a 810 W-7s 
100 |a Warren, Robert Penn 
245 |a Short Story Masterpieces 
260 |a New York, Estados Unidos 
260 |b Dell Books 
260 |c 1954 
300 |a 542 páginas 
650 |a LITERATURA ESTADOUNIDENSE 
999 |c 6314  |d 6314 
942 |c 15 D  |h 810 W-7s  |2 z